| 000 | 00889nam a22002297a 4500 | ||
|---|---|---|---|
| 005 | 20240530110517.0 | ||
| 008 | 160208s2008 ua afo f 000 0 ara d | ||
| 017 |
_a2008/24945 _bمصر . دار الكتب المصرية |
||
| 040 | _aEG-CaGPL | ||
| 082 | 0 | 4 |
_221 _a704.9481\ _bهـ ت |
| 100 | 0 | _aهناء محمد عدلى حسن | |
| 245 | 1 | 2 |
_aالتماثيل فى الفن الاسلامى / _cتاليف هناء محمد عدلى حسن |
| 260 |
_aالقاهرة : _bدار الجلال للطباعة ، _c2008 . |
||
| 300 |
_a445 ص : _bايض ؛ _c24 سم . |
||
| 650 | 0 | 4 |
_aالفن الاسلامى _xتاريخ |
| 650 | 0 | 4 | _aالنحت فى الاسلام |
| 650 | 0 | 4 | _aتماثيل الحيوانات |
| 650 | 0 | 4 | _aالتماثيل الرخامية |
| 650 | 0 | 4 | _aالتماثيل المعدنية |
| 942 |
_2ddc _cBK |
||
| 999 |
_c61814 _d61814 |
||